000 00733nam a22002297a 4500
005 20170124110213.0
010 _aB-226994
020 _c300.00
_a9788189072131
035 _aB-226994
037 _bCen Lib/Ret
040 _aDPL
_bEN
082 _a954.09
_bMAK
100 _aMakkhan Lal
_922236
245 _aGandhi's assassination :
_cby Makkhan Lal
_bwhat the documents say /
260 _aNew Delhi
_bIndia first founadation
_c2006
270 _bNew Delhi
_aG-3 Dhawandeep builiding 6, Jantar mantar road
_e110001
300 _axv,198p.
_c23cm(Hb)
500 _aIncludes index
650 _aPolitical science
_938562
650 _aAssassination
_xPolitical leader
_938563
942 _2ddc
_cEN
_h954.09
_mMAK
999 _c133663
_d133663